[Event "AUTO-OPEN-1170"]
[Site "http://www.queenalice.com/game.php?id=421171"]
[Date "2008.6.21"]
[Round "1"]
[White "simpleplayer"]
[Black "FabianoSales"]
[Result "0-1"]
[WhiteElo "1466"]
[BlackElo "1389"]

1. e4 e5 2. d4 Qf6 3. Nc3 Bb4 4. a3 Bxc3+ 5. bxc3 Nc6 6. a4 Nh6 7. f3 exd4 8. a5
a6 9. Bb2 dxc3 10. Ba3 d6 11. h4 O-O 12. Ne2 Be6 13. Ng3 Qe5 14. Kf2 Qxa5 15.
Bxd6 Qb6+ 16. Ke1 cxd6 17. Rb1 Qe3+ 18. Ne2 Bc4 19. Qxd6 Rad8 20. Qc7 Nd4 21.
Qxc4 Nxc2# 0-1

[Event "AUTO-OPEN-1170"]
[Site "http://www.queenalice.com/game.php?id=421172"]
[Date "2008.6.21"]
[Round "1"]
[White "FabianoSales"]
[Black "simpleplayer"]
[Result "1-0"]
[WhiteElo "1552"]
[BlackElo "1526"]

1. e4 e5 2. Nf3 f6 3. d4 d6 4. Bc4 Nh6 5. O-O Ng4 6. dxe5 dxe5 7. Qd5 Qxd5 8.
Bxd5 Bc5 9. h3 Nxf2 10. Kh2 c6 11. Bc4 g5 12. Nbd2 g4 13. hxg4 Nxg4+ 14. Kh1 Ne3
15. Nb3 Nxf1 16. Nxc5 Ng3+ 17. Kh2 Nh5 18. Bh6 b6 19. Nd3 b5 20. Bb3 f5 21.
Ndxe5 fxe4 22. g4 Bxg4 23. Bf7+ Kd8 24. Ng5 Kc7 25. Nxg4 Na6 26. Bxh5 Rad8 27.
Nf7 Rd2+ 28. Bxd2 c5 29. Nxh8 Nb4 30. Bxb4 cxb4 31. Nf6 a5 32. Nxe4 a4 33. a3 b3
34. cxb3 axb3 35. Nc5 b4 36. Nxb3 bxa3 37. Rxa3 h6 38. Nf7 Kb6 39. Nxh6 Kb5 40.
Kg3 Kc4 41. Nd2+ Kd4 42. Kf4 Kd5 43. b4 Kc6 44. Ra5 Kb6 45. Nc4+ Kc6 46. Ke5 Kb7
47. Kd6 Kb8 48. Ra6 Kb7 49. Rb6+ Ka7 50. Kc7 Ka8 51. Ra6# 1-0

[Event "Challenge"]
[Site "http://www.queenalice.com/game.php?id=434300"]
[Date "2008.7.16"]
[Round "-"]
[White "TomBishop"]
[Black "simpleplayer"]
[Result "1-0"]
[WhiteElo "1484"]
[BlackElo "1511"]

1. e4 e5 2. Nf3 Bc5 3. Nxe5 Qf6 4. Nf3 g5 5. d4 Bb6 6. e5 Qc6 7. Nc3 h6 8. Bd3
d6 9. exd6 cxd6 10. Bb5 Bf5 11. Bxc6+ Nxc6 12. O-O Nf6 13. d5 Nb4 14. Qe2+ Kf8
15. a3 Re8 16. Qc4 Nxc2 17. Rb1 Nxa3 18. bxa3 Bxb1 19. Nxb1 Ne4 20. Be3 g4 21.
Nfd2 Bxe3 22. fxe3 Nxd2 23. Nxd2 h5 24. Qb4 Rh6 25. Qxb7 f6 26. Qxa7 Rxe3 27.
Qb8+ Re8 28. Qxd6+ Kg7 29. Qd7+ Kf8 30. Rc1 Rg6 31. Rc8 Rxc8 32. Qxc8+ Kg7 33.
d6 Kh6 34. d7 h4 35. d8=Q g3 36. Qh8+ Kg5 37. Qc5+ Kf4 38. Qhh5 gxh2+ 39. Kxh2
Rg5 40. Qxh4+ Rg4 41. g3# 1-0

[Event "Challenge"]
[Site "http://www.queenalice.com/game.php?id=513972"]
[Date "2008.12.29"]
[Round "-"]
[White "simpleplayer"]
[Black "CHUVARJ"]
[Result "1-0"]
[WhiteElo "1496"]
[BlackElo "1262"]

1. c3 c5 2. e4 e5 3. Bc4 Nf6 4. h4 Nxe4 5. Qf3 d5 6. Bb5+ Bd7 7. c4 Nd6 8. Qxd5
Nxb5 9. Qxb7 Nd6 10. Qxa8 Nxc4 11. Nf3 Nc6 12. Qxd8+ Kxd8 13. d3 Nd6 14. Nc3 c4
15. dxc4 Nxc4 16. Ng5 Bb4 17. Nxf7+ Ke7 18. Nxh8 Nd4 19. O-O Nc2 20. Bg5+ Kf8
21. Rac1 Nd4 22. Nd5 Nxb2 23. Rc7 Ne2+ 24. Kh2 h6 25. Rxd7 hxg5 26. Rd8# 1-0

[Event "AUTO-INT-1395"]
[Site "http://www.queenalice.com/game.php?id=627540"]
[Date "2009.7.30"]
[Round "1"]
[White "Givanildo"]
[Black "simpleplayer"]
[Result "0-1"]
[WhiteElo "1511"]
[BlackElo "1478"]

1. e3 e5 2. Qh5 Qf6 3. Bc4 Nh6 4. Nf3 g6 5. Qh4 Qxh4 6. Nxh4 e4 7. b3 Bg7 8. c3
g5 9. Nf5 Nxf5 10. d4 c6 11. Nd2 d5 12. g4 Nh4 13. O-O Bxg4 14. Bxd5 cxd5 15. a4
Nd7 16. Ba3 f5 17. Bd6 f4 18. exf4 gxf4 19. Bxf4 Rg8 20. f3 Bh3 21. Rf2 Bh6+ 22.
Bg3 Be3 23. Kh1 Bxf2 24. Bxf2 Bg2+ 25. Kg1 Bxf3+ 26. Bg3 Nf5 27. c4 Nxg3 28.
hxg3 Rxg3+ 29. Kf2 Rg2+ 30. Ke3 O-O-O 31. cxd5 Rf8 32. Rc1+ Kd8 33. d6 Re2# 0-1

[Event "AUTO-INT-1395"]
[Site "http://www.queenalice.com/game.php?id=627541"]
[Date "2009.7.30"]
[Round "1"]
[White "simpleplayer"]
[Black "Givanildo"]
[Result "1-0"]
[WhiteElo "1495"]
[BlackElo "1414"]

1. e4 e6 2. d4 g6 3. Nh3 h6 4. Bf4 g5 5. Be5 f6 6. Qh5+ Ke7 7. Bg3 Qe8 8. Qg4 h5
9. Qe2 h4 10. Bxc7 Nc6 11. Qd2 Kf7 12. Nxg5+ fxg5 13. Qxg5 Be7 14. Qf4+ Bf6 15.
e5 Nxd4 16. Qxd4 d5 17. exf6 Qc6 18. Nc3 Qxc7 19. Bb5 Bd7 20. O-O-O a6 21. Bxd7
Qxd7 22. g4 Qd6 23. Ne4 Qf4+ 24. Rd2 dxe4 25. h3 Nxf6 26. Rf1 Rad8 27. Qe3 Qe5
28. g5 Nd5 29. Qa7 Rd7 30. c3 e3 31. fxe3+ Kg6 32. Qd4 Qxd4 33. exd4 b5 34. Re2
Re8 35. Re4 b4 36. c4 Rc7 37. Kd2 Nb6 38. b3 Rd7 39. Rxh4 e5 40. d5 e4 41. Rh6+
Kg7 42. Rxb6 e3+ 43. Ke2 Re4 44. Rxa6 Rd4 45. Kxe3 Rh4 46. Rh1 Re7+ 47. Kf3 Rhe4
48. h4 Re3+ 49. Kg4 R3e4+ 50. Kh5 Rf4 51. d6 Re8 52. Ra7+ Kf8 53. g6 Rf5+ 54.
Kh6 Kg8 55. Rc1 Ref8 56. c5 Rf4 57. Rf7 Re8 58. Rxf4 Re6 59. d7 Re7 60. d8=Q+
Re8 61. Qxe8# 1-0

[Event "AUTO-INT-1395"]
[Site "http://www.queenalice.com/game.php?id=627556"]
[Date "2009.7.30"]
[Round "1"]
[White "dtrainey"]
[Black "simpleplayer"]
[Result "0-1"]
[WhiteElo "1614"]
[BlackElo "1495"]

1. c4 e5 2. d4 e4 3. d5 h6 4. Nc3 Bb4 5. Bd2 Nf6 6. a3 Bc5 7. Bf4 Ng4 8. e3 O-O
9. h3 Nxf2 10. Qc2 Nxh1 11. O-O-O d6 12. b4 Bb6 13. Nxe4 Bf5 14. g4 Bxe4 15.
Qxe4 Nf2 16. Qd3 Nxd3+ 17. Rxd3 Qh4 18. Nf3 Qf2 19. Nd2 g5 20. c5 gxf4 21. exf4
dxc5 22. d6 c4 23. Rd5 Qxf4 24. d7 Nc6 25. Bxc4 Be3 26. b5 Bxd2+ 27. Rxd2 Rad8
28. Bd5 Rxd7 29. Kc2 Rxd5 30. Rxd5 Qc4+ 0-1

[Event "AUTO-INT-1395"]
[Site "http://www.queenalice.com/game.php?id=627557"]
[Date "2009.7.30"]
[Round "1"]
[White "simpleplayer"]
[Black "dtrainey"]
[Result "0-1"]
[WhiteElo "1508"]
[BlackElo "1588"]

1. e4 e5 2. d4 exd4 3. Qxd4 Nc6 4. Qd1 h6 5. c3 Nf6 6. Bd3 d5 7. f3 Qe7 8. Ne2
dxe4 9. fxe4 Bg4 10. O-O Ne5 11. Qa4+ c6 12. Nf4 Qc5+ 13. Kh1 Bd6 14. Qb3 b5 15.
h3 Nxd3 16. Nxd3 Qh5 17. Bf4 Nxe4 18. Bxd6 Nxd6 19. Nf2 Be6 20. Re1 O-O 21. Rxe6
fxe6 22. Qxe6+ Kh7 23. Qxd6 Rxf2 24. Qxc6 Rd8 25. Na3 Rxb2 26. Qe4+ Kg8 27. c4
Rd1+ 28. Rxd1 Qxd1+ 29. Kh2 Qd6+ 30. Kg1 Qxa3 31. cxb5 Qg3 32. Qg4 Rb1+ 33. Qd1
Rxd1# 0-1

[Event "AUTO-INT-1395"]
[Site "http://www.queenalice.com/game.php?id=627568"]
[Date "2009.7.30"]
[Round "1"]
[White "simpleplayer"]
[Black "Tasjunior"]
[Result "1/2-1/2"]
[WhiteElo "1508"]
[BlackElo "1729"]

1. e4 e5 2. d4 Bd6 3. Bc4 Nf6 4. h4 Qe7 5. g4 Nxe4 6. Qf3 Nf6 7. a4 exd4+ 8. Ne2
Bc5 9. g5 Ne4 10. Bf4 O-O 11. g6 hxg6 12. h5 Ng5 13. Qd5 c6 14. Qg2 d5 15. Bxg5
Qe5 16. h6 dxc4 17. hxg7 d3 18. gxf8=Q+ Kxf8 19. Nc3 Bd4 20. f4 Bxc3+ 21. bxc3
Qe3 22. Bf6 Ke8 23. Bd4 Qe7 24. Kd2 Be6 25. Be5 Nd7 26. Rab1 Bd5 27. Rh8+ Nf8
28. Qh2 dxe2 29. Re1 f6 30. Rxe2 Be6 31. Bd4 b6 32. f5 gxf5 33. Qh5+ Kd7 34. Qh2
Rd8 35. Rh6 Kc8 36. Rxf6 c5 37. Rxf5 Qd7 38. Rf4 Ng6 39. Rfe4 Bf5 40. Re8 Rxe8
41. Rxe8+ Qxe8 42. Be3 Qe4 43. Ke2 Qxc2+ 44. Bd2 Bg4+ 45. Ke3 Qd3+ 46. Kf2 Qe2+
47. Kg1 Qxh2+ 48. Kxh2 Bd7 49. a5 bxa5 50. Be3 a4 51. Bxc5 a5 52. Bd6 Nh4 53.
Kg1 Nf3+ 54. Kf2 Nd2 55. Ke3 Nb1 56. Kd4 a3 57. Bxa3 Nxa3 58. Kc5 Kc7 59. Kd4 a4
60. Kc5 Nb5 61. Kxc4 a3 62. Kb3 Kb6 63. c4 Be6 64. Kb4 a2 65. cxb5 a1=Q 1/2-1/2

[Event "AUTO-INT-1395"]
[Site "http://www.queenalice.com/game.php?id=627569"]
[Date "2009.7.30"]
[Round "1"]
[White "Tasjunior"]
[Black "simpleplayer"]
[Result "1-0"]
[WhiteElo "1704"]
[BlackElo "1516"]

1. d4 d5 2. Nc3 e6 3. Nf3 h6 4. e3 a6 5. b3 Bb4 6. Bb2 b5 7. Bd3 g5 8. O-O h5 9.
Qd2 g4 10. Ne5 Bd6 11. e4 c5 12. Ne2 Bb7 13. dxc5 Bxc5 14. Nxf7 Kxf7 15. Bxh8
Nf6 16. Qh6 Bf8 17. Qg5 Nbd7 18. e5 Nxe5 19. Bxf6 Qxf6 20. Qxh5+ Ke7 21. Qh7+
Bg7 22. Nf4 Rh8 23. Ng6+ Nxg6 24. Qxg6 Qxg6 25. Bxg6 Bxa1 26. Rxa1 g3 27. hxg3
d4 28. f4 a5 29. Rd1 Kf6 30. Bd3 Rg8 31. Bxb5 Rxg3 32. Rxd4 Rxg2+ 33. Kf1 Rxc2
34. a4 Rb2 35. Bc4 Rh2 36. Rd6 Bd5 37. Bxd5 Rh4 38. Rxe6+ Kf5 39. Re4 Rxf4+ 40.
Rxf4+ Kxf4 41. Ke2 Ke5 42. Bc4 Kd6 43. Kd3 Ke5 44. Kc3 Kd6 45. b4 axb4+ 46. Kxb4
Kc6 47. a5 Kb7 48. Kb5 Ka7 49. a6 Ka8 50. Kb6 Kb8 51. Bd5 Kc8 52. a7 Kd7 53.
a8=Q Kd6 54. Qc6+ Ke5 55. Qe6+ Kd4 56. Bf3 Kc3 57. Qe4 Kb3 58. Kb5 Kc3 59. Qc4+
Kd2 60. Qe2+ Kc3 61. Kc5 Kb3 62. Qc4+ Kb2 63. Kb4 Ka1 64. Qc1+ Ka2 65. Bd5# 1-0

[Event "AUTO-OPEN-1738"]
[Site "http://www.queenalice.com/game.php?id=673095"]
[Date "2009.10.27"]
[Round "1"]
[White "simpleplayer"]
[Black "alexsandrob3478"]
[Result "0-1"]
[WhiteElo "1535"]
[BlackElo "1915"]

1. e4 c5 2. Bc4 Nc6 3. Qf3 e6 4. Nh3 Nf6 5. c3 Ne5 6. Qe2 Nxc4 7. Qxc4 Qc7 8. f3
d5 9. exd5 exd5 10. Qe2+ Be7 11. Na3 O-O 12. Nb5 Qb6 13. a4 Re8 14. O-O Bxh3 15.
gxh3 a6 16. Na3 c4+ 17. Qe3 Bc5 18. d4 Rxe3 19. Bxe3 Bxa3 20. bxa3 Re8 21. Rab1
Qe6 22. Bg5 Qf5 23. Bxf6 Qxf6 24. Rfe1 Rxe1+ 25. Rxe1 g6 26. Rb1 Qxf3 27. Rxb7
Qxc3 28. h4 Qxd4+ 29. Kg2 c3 30. h5 Qg4+ 31. Kf2 Qxh5 32. Ra7 c2 33. Rxa6 c1=Q
34. Ra8+ Kg7 35. a5 Qxh2+ 36. Kf3 Qcf4# 0-1

[Event "AUTO-OPEN-1738"]
[Site "http://www.queenalice.com/game.php?id=673096"]
[Date "2009.10.27"]
[Round "1"]
[White "alexsandrob3478"]
[Black "simpleplayer"]
[Result "0-1"]
[WhiteElo "1264"]
[BlackElo "1546"]

1. d4 d5 2. c4 dxc4 3. Nc3 c6 4. Nf3 f6 5. e4 b5 6. a4 e5 7. axb5 cxb5 8. Nxb5
Qa5+ 9. Bd2 Qxb5 10. dxe5 fxe5 11. Ra5 Qxb2 12. Rxe5+ Be7 13. Bxc4 Nc6 14. Bb5
Bd7 15. Bg5 Nxe5 16. Bxd7+ Nxd7 0-1

[Event "Challenge"]
[Site "http://www.queenalice.com/game.php?id=674550"]
[Date "2009.10.29"]
[Round "-"]
[White "jjjcarvalho"]
[Black "simpleplayer"]
[Result "1-0"]
[WhiteElo "1660"]
[BlackElo "1533"]

1. e4 e5 2. Nf3 d6 3. Bc4 Nh6 4. h3 a6 5. d3 b5 6. Bb3 Bb7 7. Bxh6 gxh6 8. Nc3
Qd7 9. Nh4 a5 10. a3 d5 11. Nxd5 Bxd5 12. Bxd5 c6 13. Bb3 Bc5 14. Qf3 Rf8 15.
Nf5 b4 16. axb4 Bxb4+ 17. Ke2 Na6 18. Nxh6 O-O-O 19. c3 Nc5 20. cxb4 Nxb3 21.
Qg4 Nxa1 22. Qxd7+ Rxd7 23. Rxa1 Ra7 24. bxa5 c5 25. Nf5 Kd7 26. g4 Rb8 27. Ra2
Rb4 28. Ne3 h6 29. Nd5 Rb3 30. Ke3 c4 31. Nc3 Ke6 32. dxc4 f6 33. f4 exf4+ 34.
Kxf4 Rc7 35. a6 Ra7 36. Nb5 Rd7 37. a7 Rdd3 38. Nc3 Rd2 39. a8=Q Rxc3 40. bxc3
Rxa2 41. Qxa2 h5 42. c5+ Kd7 43. gxh5 Kc6 44. h6 Kxc5 45. h7 f5 46. h8=Q Kd6 47.
Qe5+ Kd7 48. Qa6 Kd8 49. Qg7 fxe4 50. Qa8# 1-0

[Event "Challenge"]
[Site "http://www.queenalice.com/game.php?id=674551"]
[Date "2009.10.29"]
[Round "-"]
[White "jjjcarvalho"]
[Black "simpleplayer"]
[Result "1-0"]
[WhiteElo "1545"]
[BlackElo "1551"]

1. e4 e5 2. Nf3 Nc6 3. Bb5 a6 4. Bxc6 dxc6 5. d3 Bc5 6. Nc3 Bg4 7. h3 Bxf3 8.
Qxf3 f6 9. O-O h5 10. Be3 Bb4 11. Rad1 g5 12. Ne2 h4 13. c3 Nh6 14. cxb4 Qd7 15.
Qxf6 Rg8 16. Bxg5 Nf7 17. Bxh4 c5 18. Ng3 cxb4 19. Nf5 a5 20. Ng7+ Kf8 21. Ne6+
Ke8 22. f4 Ra6 23. f5 a4 24. Rc1 c6 25. g4 Qxd3 26. Nc7+ Kf8 27. Qe7+ Kg7 28.
Ne6+ Kh6 29. Qf6+ Kh7 30. Qxf7+ Kh6 31. g5+ Rxg5+ 32. Bxg5# 1-0

[Event "Challenge"]
[Site "http://www.queenalice.com/game.php?id=674552"]
[Date "2009.10.29"]
[Round "-"]
[White "jjjcarvalho"]
[Black "simpleplayer"]
[Result "1-0"]
[WhiteElo "1660"]
[BlackElo "1522"]

1. e4 e5 2. Nf3 Bc5 3. Bc4 c6 4. c3 d5 5. exd5 cxd5 6. Bb3 Bg4 7. h3 Nf6 8. hxg4
Nxg4 9. d4 exd4 10. cxd4 Bb4+ 11. Nc3 O-O 12. Bd2 Re8+ 13. Ne2 Bxd2+ 14. Qxd2 a5
15. O-O Ra6 16. Ng3 Rh6 17. Rfe1 Rxe1+ 18. Rxe1 Kf8 19. Ne5 Qh4 20. Nxg4 Qxg4
21. Qe2 Qxe2 22. Rxe2 Nc6 23. Bxd5 Nxd4 24. Rd2 Nb5 25. Bxb7 g6 26. Rd5 Nc7 27.
Rxa5 Ke7 28. b4 f5 29. f4 Rh4 30. Ne2 g5 31. Rxf5 Rg4 32. Rxg5 Rh4 33. a4 h6 34.
Rg7+ Kd6 35. b5 Kc5 36. Rxc7+ Kb6 37. Rh7 Rh5 38. Kf2 Ka5 39. Nc3 Rh4 40. g3
Rh2+ 41. Kf3 Rc2 42. Ne4 Kxa4 43. Bc6 Rh2 44. b6+ Ka5 45. b7 Rb2 46. Rxh6 Rxb7
47. Bxb7 Kb4 48. f5 Kb5 49. f6 Kb6 50. f7+ Kxb7 51. f8=Q Kc7 52. Qf7+ 1-0

[Event "AUTO-OPEN-1738"]
[Site "http://www.queenalice.com/game.php?id=783379"]
[Date "2010.5.31"]
[Round "2"]
[White "simpleplayer"]
[Black "Ninho"]
[Result "0-1"]
[WhiteElo "1508"]
[BlackElo "1986"]

1. e4 c5 2. Bc4 e6 3. Nf3 d6 4. O-O Nf6 5. d3 Be7 6. a4 O-O 7. a5 Nc6 8. c3 a6
9. Be3 Nxa5 10. Nh4 Nxc4 11. dxc4 Nd7 12. Nf3 b6 13. h4 Bb7 14. Nbd2 Bxh4 15. g3
Bf6 16. g4 Ne5 17. Nxe5 dxe5 18. g5 Bxg5 19. f4 exf4 20. Bxf4 Bxf4 21. Rf2 Be3
22. Nf3 Bxe4 23. Qxd8 Raxd8 24. Re1 Bxf2+ 25. Kxf2 Bxf3 26. Kxf3 Rd3+ 27. Ke4
Rfd8 28. Ra1 a5 29. Ra3 f5+ 30. Ke5 Kf7 31. Rb3 R3d6 0-1

[Event "AUTO-OPEN-1738"]
[Site "http://www.queenalice.com/game.php?id=783380"]
[Date "2010.5.31"]
[Round "2"]
[White "Ninho"]
[Black "simpleplayer"]
[Result "1-0"]
[WhiteElo "1988"]
[BlackElo "1506"]

1. d4 e6 2. c4 Bb4+ 3. Bd2 Nc6 4. e3 Qf6 5. Nf3 Nh6 6. Bxb4 Nxb4 7. Nc3 O-O 8.
a3 Nc6 9. Ne4 Qf5 10. Bd3 Ng4 11. O-O d5 12. Neg5 Qf6 13. Nxh7 Qh6 14. Nxf8 Kxf8
15. h3 Bd7 16. hxg4 Ke7 17. Re1 Rh8 18. Kf1 e5 19. Nxe5 Nxe5 20. f3 Qh4 21. dxe5
Qg3 22. Kg1 Rh2 23. Qe2 f6 24. Qf2 Qxe5 25. f4 Rxg2+ 26. Qxg2 Qd6 27. cxd5 c6
28. e4 Qxf4 29. dxc6 bxc6 30. Re2 1-0